00641nam a2200205 a 450000100060000000300090000600800410001502000180005604000280007408200140010210000350011624501010015126000250025230000100027765000320028765000330031965000300035265000210038265000320040323181CO-ViMGA141112s2004 ck r 000 u spa d a9789702611301 aCO-ViMGAbspacCO-ViMGA04a658 A517a1 aAmaru Maximiano, Antonio Cesar10aAdministracion para emprendedores : bFundamentos para la creacion y gestion de nuevos negocios aMéxico : bPearson a256p.14aADMINISTRACION DE EMPRESAS 14aADMINISTRACION DE PROYECTOS 14aNEGOCIOS - ADMINISTRACION14aNUEVAS EMPRESAS 14aPLANIFICACION DE PROYECTOS